The Firmware handbook /

This handbook provides a comprehensive reference for firmware developers looking to increase their skills and productivity. It addresses each critical step of the development process in detail, including how to optimize hardware design for better firmware. Topics covered include real-time issues, in...

Full description

Bibliographic Details
Other Authors: Ganssle, Jack G.
Format: eBook
Language:English
Published: Amsterdam ; Boston, Mass. : Newnes, 2004.
Series:Embedded technology series.
Subjects:
Online Access:Connect to the full text of this electronic book
Table of contents
Publisher description

MARC

Tag First Indicator Second Indicator Subfields
LEADER 00000cam a2200000Ia 4500
001 in00002425721
006 m d
007 cr cn|||||||||
008 070806s2004 ne a s 001 0 eng d
005 20260609193406.6
020 |a 9780750676069 
020 |a 075067606X 
035 |a (OCoLC)162592356 
037 |a 94396:94395  |b Elsevier Science & Technology  |n http://www.sciencedirect.com 
040 |a OPELS  |c OPELS  |d UtOrBLW 
049 |a TEFA 
050 1 4 |a QA76.765  |b .G36 2004eb 
082 0 4 |a 004  |2 22 
245 0 4 |a The Firmware handbook /  |c edited by Jack Ganssle. 
264 1 |a Amsterdam ;  |a Boston, Mass. :  |b Newnes,  |c 2004. 
300 |a xvi, 365 pages :  |b illustrations ;  |c 24 cm. +  |e 1 CD-ROM (4 3/4 in.) 
336 |a text  |b txt  |2 rdacontent 
337 |a computer  |b c  |2 rdamedia 
338 |a online resource  |b cr  |2 rdacarrier 
490 1 |a Embedded technology series 
533 |a Electronic reproduction.  |b Amsterdam :  |c Elsevier Science & Technology,  |d 2007.  |n Mode of access: World Wide Web.  |n System requirements: Web browser.  |n Title from title screen (viewed on Aug. 2, 2007).  |n Access may be restricted to users at subscribing institutions. 
520 |a This handbook provides a comprehensive reference for firmware developers looking to increase their skills and productivity. It addresses each critical step of the development process in detail, including how to optimize hardware design for better firmware. Topics covered include real-time issues, interrupts and ISRs, memory management (including Flash memory), handling both digital and analog peripherals, communications interfacing, math subroutines, error handling, design tools, and troubleshooting and debugging. The companion CD-ROM includes all the code used in the design examples and a searchable ebook version of the text. This book is not for the beginner, but rather is an in-depth, comprehensive one-volume reference that addresses all the major issues in firmware design and development, including the pertinent hardware issues. * Included CD-Rom contains all the source code used in the design examples, so engineers can easily use it in their own designs. 
505 0 |a Introduction; Hardware Design for Better Firmware; Firmware Design for Better Hardware; Finite State Machines; Real-time Issues; Interrupts and ISRs; Memory; RAM Cost; Memory; RAM Cost; Handling Digital Peripherals; Handling Analog Peripherals; Communications; Math; Error Handling; Tools; Debugging. 
504 |a Includes bibliographical references and index. 
500 |a Electronic resource. 
650 0 |a Computer firmware. 
655 7 |a Electronic books.  |2 local 
700 1 |a Ganssle, Jack G. 
730 0 |a Referex. 
776 1 |c Original  |z 075067606X  |z 9780750676069  |w (DLC) 2004040238  |w (OCoLC)54046712 
830 0 |a Embedded technology series. 
856 4 0 |u http://proxy.library.tamu.edu/login?url=https://www.sciencedirect.com/science/book/9780750676069  |z Connect to the full text of this electronic book  |t 0 
856 4 2 |3 Table of contents  |u http://www.loc.gov/catdir/toc/els051/2004040238.html  |t 0 
856 4 2 |3 Publisher description  |u http://www.loc.gov/catdir/description/els051/2004040238.html  |t 0 
994 |a C0  |b TEF 
999 |a MARS 
999 f f |s b31c5ea0-5bbe-34f9-bfd5-f52a053ff609  |i 51c6e3b0-b396-3967-9ff3-1a7b3d6f9c20  |t 0 
952 f f |a Texas A&M University  |b College Station  |c Electronic Resources  |s www_evans  |d Available Online  |t 0  |e QA76.765 .G36 2004eb  |h Library of Congress classification 
998 f f |a QA76.765 .G36 2004eb  |t 0  |l Available Online